01695cam a22003734i 4500003000900000005001700009008004100026020001500067035002700082040003300109082002100142245007600163264002800239300003800267336002100305337002500326338002300351490003700374505073300411526001001144526001001154526001001164526001001174526000801184526000801192526000801200526000801208526000801216526000801224526000801232650002601240650002901266700002601295PE-LiUPU20250731173136.0150623s r 000 0 d a9966888373 a(Sirsi) i9789966888372 aPE-LiUPUbspacPE-LiUPUerda04a241.096bM5322100aMoral and ethical issues in African christianity /cJ.N.K. Mugambi, ed. 1aNairobi, Kenya :b1999. a233 páginas ;c21 centímetros atext2rdacontent aunmediated2rdamedia avolume2rdacarrier0 aAfrican christianity series ;v30 aThe problems of teaching ethics in African Christianity. Social ethics: a christocentric perspective. The biblical mandate for social transformation: a feminist perspective. Material things in African society: implications for christianity ethics. Material things in comtemporary African society. African morality: past and present. Changing morals in Africa. Morality in public life. Tribalism as a moral problem in contemporary Africa. African women and morality. Child abuse and Neglect: an African moral question. Who is my neighbour? A Christian response to refugees and the displaced in Africa. Ammesty in Africa: ethical aberration or useful public policy instrument?. Aids and survival in Africa: a tentative reflection. aSEG42 aSEG41 aSEG40 aSEG39 aP94 aP87 aP86 aP85 aP77 aP76 aP3504aCristianismozAfrica.04aEtica cristianazAfrica.1 aMugambi, J.N.K.,eed.